Capitales de l’Europe (mode très facile) - Statistiques

Statistiques générales
  • Ce quiz a été pris 80 fois
  • Le résultat moyen est 16 sur 18
Statistiques - réponses
Hint Réponse % Correct
Espagne Madrid
100%
France Paris
100%
Royaume-Uni Londres
99%
Italie Rome
99%
Allemagne Berlin
97%
Belgique Bruxelles
97%
Portugal Lisbonne
97%
Grèce Athènes
96%
Russie Moscou
93%
Pays-Bas Amsterdam
91%
Suisse Berne
90%
Autriche Vienne
90%
Norvège Oslo
87%
Suède Stockholm
87%
Turquie Ankara
86%
Finlande Helsinki
86%
Serbie Belgrade
62%
Chypre Nicosie
59%
Aucun quiz correspondant
Distribution des résultats
% des personnes avec chaque résultat
Percentile par nombre de réponses
Votre historique - résultats
Vous n’avez pas pris ce quiz